Provincias de España por población - Estadísticas

Estadísticas generales
  • Esta prueba ha sido intentada 69 veces
  • La puntuación promedio es 23 de 52
Estadísticas de respuestas
Hint Respuesta % Correcto
6.013.593 Barcelona
100%
7.192.293 Madrid
100%
2.815.786 Valencia
100%
1.813.818 Málaga
89%
2.000.510 Sevilla
89%
2.089.554 Alicante
72%
1.610.999 Murcia
66%
1.267.198 Cádiz
60%
137.314 Teruel
60%
90.685 Soria
57%
84.330 Ceuta
55%
86.505 Melilla
55%
1.014.214 Zaragoza
53%
1.261.594 Baleares
49%
1.173.915 Vizcaya
49%
1.144.743 A Coruña
47%
1.024.120 Asturias
47%
1.181.194 Las Palmas
47%
162.444 Ávila
45%
772.081 Córdoba
45%
957.082 Granada
45%
160.301 Palencia
43%
950.857 Pontevedra
40%
160.763 Segovia
40%
165.362 Zamora
40%
200.764 Cuenca
38%
233.692 Huesca
38%
327.892 Lugo
38%
1.094.268 Santa Cruz
38%
785.914 Almería
36%
893.685 Tarragona
36%
838.703 Girona
34%
293.031 Guadalajara
32%
691.190 Navarra
32%
306.642 Ourense
32%
735.523 Guipuzcoa
30%
330.983 Salamanca
30%
666.771 Badajoz
28%
388.576 Cáceres
28%
330.457 La Rioja
28%
775.149 Toledo
28%
367.676 Burgos
26%
449.632 León
26%
535.553 Valladolid
26%
345.482 Álava
23%
394.473 Albacete
23%
598.011 Cantabria
23%
644.199 Castellón
23%
542.240 Huelva
23%
619.638 Jaén
23%
499.154 Ciudad Real
19%
466.567 Lleida
17%
No se encontraron pruebas coincidentes
Distribución de puntuación
Porcentaje de gente con cada puntuación
Porcentaje por número respondido
Historial de tus puntuaciones
No has intentado esta prueba.